| 000 | 00891cam a2200265 i 4500 | ||
|---|---|---|---|
| 001 | 4160132 | ||
| 003 | OSt | ||
| 005 | 20230620144517.0 | ||
| 008 | 780330s1974 tz b b 000 0 eng | ||
| 010 | _a 78303043 | ||
| 040 |
_aDLC _cDLC _dDLC |
||
| 043 | _af-tz--- | ||
| 050 | 0 | 0 |
_aJQ3519.A55 _bS6 |
| 082 | 0 | 0 |
_a324/.678 _bESC |
| 245 | 0 | 0 |
_aSocialism and participation : _bTanzania's 1970 National elections / _cthe Election Study Committee, University of Dar es Salaam. |
| 260 |
_aDar es Salaam : _bTanzania Pub. House, _c1974. |
||
| 300 |
_a464 p. : _bmaps ; _c22 cm. |
||
| 504 | _aIncludes bibliographical references. | ||
| 650 | 0 |
_aElections _zTanzania. |
|
| 650 | 0 |
_aPolitical participation _zTanzania. |
|
| 650 | 0 |
_aSocialism _zTanzania. |
|
| 710 | 1 |
_aDar es Salaam. _bUniversity. _bElection Study Committee. |
|
| 906 |
_a7 _bcbc _corignew _d4 _encip _f19 _gy-gencatlg |
||
| 942 |
_2ddc _cBK |
||
| 999 |
_c1809 _d1809 |
||